Flujos e itinerarios inmigratorios en Costa Rica = Flows and unmigratory itineraries on Costa Rica /
En el presente se realiza un estudio sobre la inmigración, la contribución de los inmigrantes al conjunto de los fenómenos sociales relevantes de Costa Rica, las razones que median o los efectos que produce. Mostrándose con ello que los inmigrantes constituyen una realidad y no una masa amórfica loc...
Guardat en:
| Autor principal: | |
|---|---|
| Format: | Text |
| Matèries: | |
| Etiquetes: |
Afegir etiqueta
Sense etiquetes, Sigues el primer a etiquetar aquest registre!
|
MARC
| LEADER | 00000 a a2200000 04500 | ||
|---|---|---|---|
| 001 | 43311 | ||
| 003 | |||
| 040 | |||
| 100 | |a Avendaño Flores, Isabel | ||
| 245 | |a Flujos e itinerarios inmigratorios en Costa Rica = |b Flows and unmigratory itineraries on Costa Rica / |c Isabel Avendaño Flores | ||
| 500 | |a isabel.avendano@ucr.ac.cr | ||
| 520 | |a En el presente se realiza un estudio sobre la inmigración, la contribución de los inmigrantes al conjunto de los fenómenos sociales relevantes de Costa Rica, las razones que median o los efectos que produce. Mostrándose con ello que los inmigrantes constituyen una realidad y no una masa amórfica localizada azarosamente sobre el territorio nacional. | ||
| 590 | |a SJB/OTUBRE2012 | ||
| 650 | |a 1.TRABAJADORES MIGRATORIOS | ||
| 650 | |a 2.ASIMILACION DE MIGRANTES | ||
| 650 | |a 3.MIGRACION INTERNACIONAL | ||
| 650 | |a 4.MIGRANTES | ||
| 650 | |a 5.MIGRACION | ||
| 650 | |a 6.COSTA RICA | ||
| 773 | |g volumen90, número1 ( , 2011), páginas 51-85 : tablas, gráficos, mapas | ||
| 999 | |c 30187 |d 30187 | ||
